Marketingová komunikácia
Zhodnotenie marketingovej komunikácie na základe skúmania jednotlivých faktorov a formulácia predpokladov a návrhov opatrení na jej skvalitnenie s dôrazom na komunikačný mix.
Saved in:
| Main Author: | |
|---|---|
| Format: | Book Chapter |
| Language: | Slovak |
| Subjects: | |
| Tags: |
No Tags, Be the first to tag this record!
|
MARC
| LEADER | 00000nla a2200000 4500 | ||
|---|---|---|---|
| 001 | 0239019 | ||
| 005 | 20240417075130.8 | ||
| 041 | 0 | |a slo | |
| 044 | |a SK | ||
| 245 | 1 | 0 | |a Marketingová komunikácia |c Lucia Klimková |
| 520 | |a Zhodnotenie marketingovej komunikácie na základe skúmania jednotlivých faktorov a formulácia predpokladov a návrhov opatrení na jej skvalitnenie s dôrazom na komunikačný mix. | ||
| 610 | 2 | 0 | |a komunikácia marketingová |
| 610 | 2 | 0 | |a marketing mix |
| 610 | 2 | 0 | |a stratégia marketingová |
| 610 | 2 | 0 | |a reklama |
| 610 | 2 | 0 | |a marketing priamy |
| 100 | 1 | |a Klimková, Lucia | |